Maldives commercial laws reform : accommodating the tenets of Islam /
Saved in:
| Main Author: | |
|---|---|
| Format: | Thesis Book |
| Language: | English |
| Published: |
2017.
|
| Subjects: | |
| Online Access: | http://studentsrepo.um.edu.my/7436/ |
| Tags: |
Add Tag
No Tags, Be the first to tag this record!
|
| LEADER | 01735cam a2200385 i 4500 | ||
|---|---|---|---|
| 001 | u537754 | ||
| 003 | SIRSI | ||
| 008 | 170608s2017 my a m 0 eng | ||
| 040 | |a UMM |d UMA |d AUM |e rda | ||
| 043 | |a i-xc--- | ||
| 090 | |a BP42 |b A1 UMP 2017 Ibr | ||
| 094 | |a BP42 |b A1 UMP 2017 Ibr | ||
| 100 | 1 | |a Ibrahim, Mohamed, |e author. | |
| 245 | 1 | 0 | |a Maldives commercial laws reform : |b accommodating the tenets of Islam / |c Mohamed Ibrahim. |
| 264 | 1 | |c 2017. | |
| 264 | 4 | |c 2017. | |
| 300 | |a xxii, 283 leaves : |b illustrations ; |c 30 cm. | ||
| 336 | |a text |2 rdacontent | ||
| 337 | |a unmediated |2 rdamedia | ||
| 338 | |a volume |2 rdacarrier | ||
| 502 | |b Ph.D. |c Jabatan Syariah dan Undang-Undang, Akademi Pengajian Islam, Universiti Malaya |d 2017. | ||
| 504 | |a Bibliography: leaves 259-275. | ||
| 650 | 0 | |a Islam |z Maldives |y 21st century. | |
| 650 | 0 | |a Commercial law (Islamic law) |z Maldives. | |
| 651 | 0 | |a Maldives |x Politics and government. | |
| 651 | 0 | |a Maldives |x Social conditions. | |
| 710 | 2 | |a Universiti Malaya. |b Jabatan Syariah dan Undang-Undang, |e degree granting institution. | |
| 856 | 4 | 1 | |u http://studentsrepo.um.edu.my/7436/ |
| 900 | |a NSR NSM | ||
| 948 | |a 29/01/1992 |b 23/09/1993 | ||
| 596 | |a 1 12 18 25 | ||
| 999 | |a BP42 A1 UMP 2017 IBR |w AUTO |c 1 |i A516674216 |d 25/7/2017 |e 25/7/2017 |f 12/7/2017 |g 1 |l STACKS |m P01UTAMA |n 1 |r Y |s Y |t TESIS |u 11/7/2017 |1 AHSS | ||
| 999 | |a BP42 A1 UMP 2017 IBR |w LC |c 1 |i A516814528 |f 21/7/2023 |g 1 |l STACKS |m P25UMARCHI |r N |s Y |t CD |u 24/7/2017 |1 AHSS |o .STAFF. MST-CD5081 | ||
| 999 | |a BP42 A1 UMP 2017 IBR |w LC |c 1 |i A516889795 |d 22/3/2018 |e 22/3/2018 |f 18/9/2017 |g 1 |l STACKS |m P12ISLAMKL |n 1 |r Y |s Y |t TESIS |u 18/9/2017 |1 AHSS | ||
| 999 | |a BP42 A1 UMP 2017 IBR |w LC |c 1 |i A516285919 |l RESERVES |m P18ISLPURI |r Y |s Y |t TESIS |u 5/12/2018 | ||
